| 000 | 00549nam a2200145 a 4500 | ||
|---|---|---|---|
| 001 | 000033893 | ||
| 005 | 20200930070614.0 | ||
| 008 | 110914s2007 cl acd 000 0 spa d | ||
| 020 | _a9789589515396 | ||
| 040 |
_aDO-SdBNP _bspa _cBNPHU |
||
| 100 | 1 |
_aSánchez, Carlos Augusto _959329 |
|
| 245 | 1 | 0 |
_aEconomía y sociedad prehispánica : _bel uso de la tierra en el Alto Magdalena / _cCarlos Augusto Sánchez. |
| 260 |
_aBogotá : _bFundación de Investigaciones, _c2007. _fPanamericana Formas e Impresos |
||
| 300 |
_a120 p. : _bil. gráf., retrs. ; _c23 cm. |
||
| 999 |
_c33384 _d33384 |
||